Fox on the Run by Sweet - Statistics

General Stats
  • This quiz has been taken 9 times
    3 since last reset
  • The average score is 145 of 174
Answer Stats
Lyrics % Correct
a
100%
But
100%
'Cause
100%
comes
100%
did
100%
don't
100%
every
100%
Fox
100%
fox
100%
got
100%
I
100%
is
100%
know
100%
look
100%
looked
100%
name
100%
of
100%
on
100%
out
100%
run
100%
run)
100%
same
100%
the
100%
The
100%
way
100%
you
100%
You
100%
your
100%
about
67%
all
67%
alright
67%
and
67%
away
67%
before
67%
everybody
67%
face
67%
Foxy
67%
(Foxy
67%
hide
67%
it
67%
place
67%
pretty
67%
rest
67%
scream
67%
Take
67%
think
67%
yourself
67%
are
33%
hand
33%
hand)
33%
heard
33%
I've
33%
just
33%
Okay
33%
(okay)
33%
second
33%
(second
33%
talk
33%
wanna
33%
band
0%
drop
0%
names
0%
No matching quizzes found
Score Distribution
Percent of People with Each Score
Percentile by Number Answered
Your Score History
You have not taken this quiz since the last reset